| 000 | 00894pam a2200277 a 4500 | ||
|---|---|---|---|
| 001 | 1687 | ||
| 005 | 20231123140128.0 | ||
| 020 | _a0817253300 | ||
| 040 |
_aDLC _cDLC _dDLC _beng |
||
| 050 | 0 | 0 | _aTA403.M33 |
| 082 | 0 | 0 |
_a620.1 _221 |
| 100 | 1 |
_aMadgwick, Wendy _d1946- |
|
| 245 | 1 | 0 |
_aSuper materials / _cWendy Madgwick |
| 260 |
_bRaintree Steck-Vaughn, _c1999 _aAustin : |
||
| 300 |
_a32 pages : _bcolor illustrations ; _c28 cm |
||
| 490 | 1 | _aScience starters | |
| 505 | _aP | ||
| 520 | _aProvides instructions for various experiments and activities involving metal, plastic, fabrics, wood, paper, and other types of materials. | ||
| 521 |
_a620
_bLexile |
||
| 521 |
_aP
_bRaz-Plus |
||
| 650 | 0 |
_aMaterials _xJuvenile literature. |
|
| 650 | 1 |
_aMaterials _xExperiments. |
|
| 650 | 1 | _aExperiments. | |
| 906 |
_a7 _brix _corignew _d1 _eocip _f19 _gy-gencatlg |
||
| 942 |
_2ddc _cBK _n0 |
||
| 999 |
_c1687 _d1687 |
||